| 000 | 01913nam a2200445Ii 4500 | ||
|---|---|---|---|
| 001 | DIGECOED0536 | ||
| 003 | NyNyDIG | ||
| 006 | m o d | ||
| 007 | cr ||||||||||| | ||
| 008 | 230414s2010 ck a ob 000 0 spa d | ||
| 035 | _a(OCoLC)905855207 | ||
| 040 |
_aDGITA _beng _erda _epn _cDGITA |
||
| 020 | _z9789586486545 | ||
| 050 | 1 | 4 | _aLB1025.3 ebook |
| 082 | 0 | 4 |
_a371.102 _223 |
| 100 | 1 |
_aTobón Tobón, Sergio, _eauthor. |
|
| 245 | 1 | 0 |
_aFormación integral y competencias : _bpensamiento complejo, currículo, didáctica y evaluación / _cSergio Tobón Tobón. |
| 250 | _aTercera edición. | ||
| 264 | 1 |
_aBogotá, D.C. : _bEcoe Ediciones, _c[2010] |
|
| 300 |
_a1 online resource : _billustrations. |
||
| 336 |
_atext _btxt _2rdacontent |
||
| 337 |
_acomputer _bc _2rdamedia |
||
| 338 |
_aonline resource _bcr _2rdacarrier |
||
| 347 |
_atext file _2rdaft |
||
| 347 | _bPDF | ||
| 490 | 1 | _aColección: Textos universitarios. Área: Educación y pedagogía | |
| 500 | _a"Tercera edición del libro: Formación basada en competencias. Pensamiento complejo, diseño curricular y didáctica."--Cover. | ||
| 504 | _aIncludes bibliographical references. | ||
| 588 | 0 | _aOnline resource; title from PDF title page (Digitalia, viewed April 14, 2023) | |
| 650 | 0 |
_aTeaching _xMethodology. |
|
| 650 | 0 | _aEffective teaching. | |
| 650 | 0 | _aCompetency-based education. | |
| 791 | 2 |
_aDigitalia (Firm), _edistributor. |
|
| 793 | 0 |
_gDigitalia eBook Collection: _aEcoe Ediciones |
|
| 776 | 0 | 8 |
_iPrint version: _aTobón Tobón, Sergio. _tFormación integral y competencias. _bTercera edición. _dBogotá, D.C. : Ecoe Ediciones, [2010], reimpresión, 2012 _z9789586486545 |
| 830 | 0 |
_aColección Textos universitarios (ECOE Ediciones). _pArea educación y pedagogía. |
|
| 856 | 4 | 0 |
_3Digitalia Hispánica _uhttps://www.digitaliapublishing.com/a/126742/ |
| 910 | _aPremium collection: 2023 | ||
| 942 | _cRAA | ||
| 999 |
_c278159 _d278159 |
||